000 01076nam a2200289 a 4500
001 000023729
005 20200930022425.0
008 110112s1996 xxua 000 | spa d
020 _a0201653680
040 _aDO-SdBNP
_bspa
_cBNPHU
082 _a620.104
_bB411d
100 1 _aBedford, Anthony
_938391
240 1 0 _aEngineering mechanics: dynamics.
_lEspañol
245 1 0 _aDinámica :
_bmecánica para ingeniería /
_cAnthony Bedford y Wallace Fowler ; versión en español de José E. de la Cera Alonso ; con la colaboración de Antonio Martín-Lunas.
260 _aDelaware, Estados Unidos :
_bAddison-Wesley Iberoamericana,
_c1996.
300 _axvi, 548 p. :
_bil. ;
_c26 cm.
534 _aTítulo original :
_tEngineering mechanics: dynamics
500 _aIncluye índice de materias.
650 4 _aDinámica
_948856
650 4 _aEstática
_938392
650 4 _aMecánica aplicada
_948857
700 1 _aFowler, Wallace
_938395
700 1 _aCera Alonso, José E. de la,
_etr.
_948858
700 1 _aMartín-Lunas, Antonio
_96171
910 _aWM
049 _aBNGR
999 _c23225
_d23225